| 000 | 00879nam a2200301 a 4500 | ||
|---|---|---|---|
| 001 | 000114473 | ||
| 003 | CHAP | ||
| 005 | 20220329144443.0 | ||
| 008 | 180201s1989 dr |r| ||||||spa d | ||
| 010 | _a110934 | ||
| 011 | _a111906 | ||
| 040 | _cCHAP | ||
| 082 | 0 | 4 |
_a305.32 _bK21 |
| 100 | 1 |
_aKaufman, Michael _9134538 |
|
| 245 | 1 | 0 |
_aHombres placer, poder y cambio / _cpor Michael Kaufman. |
| 260 |
_a[ Santo Domingo, Republica Dominicana] : _b[Cipaf], _c[1989]. |
||
| 300 | _a99 p. | ||
| 534 |
_pTít. original : _tMen, power and pleasure |
||
| 590 |
_aBATCH-UPD _b05 _c20180201 _lUCH01 _h0926 |
||
| 590 |
_aE5765TAJ _b05 _c20180201 _lUCH01 _h0926 |
||
| 650 | 1 | 4 |
_aHombres _xComportamiento sexual. _9134540 |
| 650 | 1 | 4 |
_aHombres _xPsicología. _9134542 |
| 650 | 1 | 4 |
_aMachismo. _9134541 |
| 650 | 1 | 4 |
_aMasculinidad. _9134539 |
| 901 | _aBK | ||
| 942 | _cLIBRO | ||
| 942 | _n0 | ||
| 999 |
_c110934 _d110934 |
||